دھرم ادھرم یدھ / (Record no. 108319)

MARC details
000 -LEADER
fixed length control field 00797nam a22002537a 4500
005 - DATE AND TIME OF LATEST TRANSACTION
control field 20170123162338.0
010 ## - LIBRARY OF CONGRESS CONTROL NUMBER
LC control number 645764
020 ## - INTERNATIONAL STANDARD BOOK NUMBER
Terms of availability 2.00
035 ## - SYSTEM CONTROL NUMBER
System control number 645764
037 ## - SOURCE OF ACQUISITION
Source of stock number/acquisition Cen Lib/Ret
040 ## - CATALOGING SOURCE
Language of cataloging UR
Original cataloging agency DPL
082 ## - DEWEY DECIMAL CLASSIFICATION NUMBER
Classification number 842
Item number ک ش ن
100 ## - MAIN ENTRY--PERSONAL NAME
Personal name کیشن چندر زیبا
9 (RLIN) 125429
245 ## - TITLE STATEMENT
Title دھرم ادھرم یدھ /
Statement of responsibility, etc کیشن چندر زیبا
246 ## - VARYING FORM OF TITLE
Title proper/short title Dharm adharm yudh /
Remainder of title by Kishan Chandar Zeba
260 ## - PUBLICATION, DISTRIBUTION, ETC. (IMPRINT)
Name of publisher, distributor, etc لاجپت ارے اینڈ سنز تاجران کتب
Date of publication, distribution, etc 1967
Place of publication, distribution, etc دہلی
270 ## - ADDRESS
City دہلی
300 ## - PHYSICAL DESCRIPTION
Extent 143p
Dimensions 18cm(Hb)
650 ## - SUBJECT ADDED ENTRY--TOPICAL TERM
Topical term or geographic name as entry element ادب -- اردو
9 (RLIN) 125430
650 ## - SUBJECT ADDED ENTRY--TOPICAL TERM
Topical term or geographic name as entry element اردوڈرامے
9 (RLIN) 125431
650 ## - SUBJECT ADDED ENTRY--TOPICAL TERM
Topical term or geographic name as entry element Literature -- Urdu
9 (RLIN) 125432
650 ## - SUBJECT ADDED ENTRY--TOPICAL TERM
Topical term or geographic name as entry element Urdu drame
9 (RLIN) 125433
942 ## - ADDED ENTRY ELEMENTS (KOHA)
Source of classification or shelving scheme Dewey Decimal Classification
Koha item type Urdu Bks
Classification part 842
Call number suffix ک ش ن
Holdings
Withdrawn status Lost status Damaged status Not for loan Home library Current library Date acquired Source of acquisition Cost, normal purchase price Total Checkouts Full call number Barcode Date last seen Copy number Cost, replacement price Price effective from Koha item type
        Central Library Central Library 18/01/2016 Cen Lib/Ret 2.00   842 ک ش ن 645764 18/01/2016 1 2.00 18/01/2016 Urdu Bks

© Delhi Public Library
Hit Counter
free hit counter